00819 2200301 4500001002100000005001500021007000300036008004100039035002000080040001700100041000800117082001000125084001600135090002600151100003800177245004600215250001000261264004500271300003400316336002100350337003000371338002300401504002500424650002000449850001000469990001900479990001900498INLIS00000000000947520260420095012ta260420 0  a0010-1222000080 aSBPUPADbind0 aind a639.2 a639.2 SUW r a639.2 SUW r L 19 R 100 aSuwarman Partosuwiryo:ePengarang1 aRawai Ikan Tuna /cSuwarman Partosuwiryo; aCet.1 aYogyakarta :bIntan Sejati Klaten,c2008 aiii 60 hlm. :bilus. ;c15 cm 2rdacontentateks 2rdamediaatanpa perantara 2rdacarrieravolume abibiliografi, hlm 60 4aTeknik Terampil aPUPAD a437/S/KAPD PDG a438/S/KAPD PDG